| 000 | 00576nam a2200205Ia 4500 | ||
|---|---|---|---|
| 005 | 20250508165332.0 | ||
| 008 | 008 250505s9999 xx 000 0 hin d | ||
| 020 | _a81-7917-081-0 | ||
| 037 | _aReference | ||
| 040 |
_aFEDL _beng _cFEDL |
||
| 041 |
_ahin _2eng |
||
| 084 |
_a370.19, KRI/RR _qFEDL |
||
| 100 | _aKrishna Kumar | ||
| 245 | 0 | _aGulami ki shiksha aur rashtravad | |
| 260 |
_aDelhi, India _bGranth Shilpi (India) Private Limited _c2006 |
||
| 300 | _a236p. | ||
| 365 |
_aINR _b475 |
||
| 942 |
_cREF _h370.19, KRI/RR |
||
| 999 |
_c1394531 _d1394531 |
||